MARC details
| 000 -LEADER |
| fixed length control field |
02358cas a2200649 i 4500 |
| 001 - CONTROL NUMBER |
| control field |
200441753 |
| 003 - CONTROL NUMBER IDENTIFIER |
| control field |
TR-AnTOB |
| 005 - DATE AND TIME OF LATEST TRANSACTION |
| control field |
20260106132407.0 |
| 007 - PHYSICAL DESCRIPTION FIXED FIELD--GENERAL INFORMATION |
| fixed length control field |
ta |
| 008 - FIXED-LENGTH DATA ELEMENTS--GENERAL INFORMATION |
| fixed length control field |
890815u1986uuuutu ar s f0 0eng |
| 010 ## - LIBRARY OF CONGRESS CONTROL NUMBER |
| LC control number |
89648750 |
| 015 ## - NATIONAL BIBLIOGRAPHY NUMBER |
| National bibliography number |
015565009 |
| Source |
dnb |
| 016 7# - NATIONAL BIBLIOGRAPHIC AGENCY CONTROL NUMBER |
| Record control number |
015565009 |
| Source |
DE-101 |
|
| Record control number |
1023822-0 |
| Source |
DE-600 |
| 020 ## - INTERNATIONAL STANDARD BOOK NUMBER |
| International Standard Book Number |
9751916410 (1995) |
|
| International Standard Book Number |
9751918758 (1996) |
|
| International Standard Book Number |
9751923573 (1998) |
|
| International Standard Book Number |
9751929938 (2000) |
|
| International Standard Book Number |
9751932858 (2001) |
| 022 ## - INTERNATIONAL STANDARD SERIAL NUMBER |
| International Standard Serial Number |
1013-6177 |
| ISSN-L |
1013-6177 |
| 035 ## - SYSTEM CONTROL NUMBER |
| System control number |
(OCoLC)ocm20182240 |
| 040 ## - CATALOGING SOURCE |
| Original cataloging agency |
DLC |
| Language of cataloging |
eng |
| Description conventions |
rda |
| Transcribing agency |
DLC |
| Modifying agency |
HUL |
| -- |
AGL |
| -- |
SYS |
| -- |
OCLCQ |
| -- |
NYDWH |
| -- |
OCLCQ |
| -- |
GBVCP |
| -- |
OCLCO |
| -- |
OCLCF |
| -- |
OCLCQ |
| -- |
WAU |
| -- |
OCLCA |
| -- |
TR-AnTOB |
| 041 0# - LANGUAGE CODE |
| Language code of text/sound track or separate title |
İngilizce |
| -- |
Türkçe |
| 042 ## - AUTHENTICATION CODE |
| Authentication code |
pcc |
| 043 ## - GEOGRAPHIC AREA CODE |
| Geographic area code |
a-tu--- |
| 050 04 - LIBRARY OF CONGRESS CALL NUMBER |
| Classification number |
HD9466.T92 |
| Item number |
S8 |
| 072 #0 - SUBJECT CATEGORY CODE |
| Subject category code |
M220 |
| 090 ## - LOCALLY ASSIGNED LC-TYPE CALL NUMBER (OCLC); LOCAL CALL NUMBER (RLIN) |
| Classification number (OCLC) (R) ; Classification number, CALL (RLIN) (NR) |
HD9466.T92 |
| Local cutter number (OCLC) ; Book number/undivided call number, CALL (RLIN) |
S8 |
| 210 0# - ABBREVIATED TITLE |
| Abbreviated title |
Su ürün. istat. |
| 222 #0 - KEY TITLE |
| Key title |
Su ürünleri istatistikleri |
| 245 00 - TITLE STATEMENT |
| Title |
Su ürünleri istatistikleri = |
| Remainder of title |
Fishery statistics. |
| 246 1# - VARYING FORM OF TITLE |
| Display text |
Vols. for <1990-1996> have English title: |
| Title proper/short title |
Fisheries statistics |
|
| Title proper/short title |
Fishery statistics |
| 264 #1 - PRODUCTION, PUBLICATION, DISTRIBUTION, MANUFACTURE, AND COPYRIGHT NOTICE |
| Place of production, publication, distribution, manufacture |
Ankara : |
| Name of producer, publisher, distributor, manufacturer |
Başbakanlık, Devlet İstatistik Enstitüsü, |
| Date of production, publication, distribution, manufacture, or copyright notice |
1988- |
| 300 ## - PHYSICAL DESCRIPTION |
| Extent |
volumes ; |
| Dimensions |
29 cm |
| 310 ## - CURRENT PUBLICATION FREQUENCY |
| Current publication frequency |
Annual |
| 336 ## - CONTENT TYPE |
| Content type term |
text |
| Content type code |
txt |
| Source |
rdacontent |
| 337 ## - MEDIA TYPE |
| Media type term |
unmediated |
| Media type code |
n |
| Source |
rdamedia |
| 338 ## - CARRIER TYPE |
| Carrier type term |
volume |
| Carrier type code |
nc |
| Source |
rdacarrier |
| 362 0# - DATES OF PUBLICATION AND/OR SEQUENTIAL DESIGNATION |
| Dates of publication and/or sequential designation |
1986- |
| 490 0# - SERIES STATEMENT |
| Series statement |
Devlet İstatistik Enstitüsü ; |
| Volume/sequential designation |
1995 |
| 530 ## - ADDITIONAL PHYSICAL FORM AVAILABLE NOTE |
| Additional physical form available note |
Also issued online. |
| 546 ## - LANGUAGE NOTE |
| Language note |
English and Turkish. |
| 588 ## - SOURCE OF DESCRIPTION NOTE |
| Source of description note |
Latest issue consulted: 1996. |
| 590 ## - LOCAL NOTE (RLIN) |
| Local note |
SERBIB/SERLOC merged record |
| 650 #7 - SUBJECT ADDED ENTRY--TOPICAL TERM |
| Topical term or geographic name entry element |
Balık ticareti |
| Geographic subdivision |
Türkiye |
| Form subdivision |
İstatistikler |
| -- |
Süreli yayınlar |
| Source of heading or term |
etuturkob |
| 9 (RLIN) |
132124 |
|
| Topical term or geographic name entry element |
Balık Ürünleri |
| Geographic subdivision |
Türkiye |
| Form subdivision |
İstatistikler |
| -- |
Süreli yayınlar |
| Source of heading or term |
etuturkob |
| 9 (RLIN) |
90806 |
|
| Topical term or geographic name entry element |
Balıkçılık |
| Geographic subdivision |
Türkiye |
| Form subdivision |
İstatistikler |
| -- |
Süreli yayınlar |
| Source of heading or term |
etuturkob |
| 9 (RLIN) |
44402 |
| 655 #7 - INDEX TERM--GENRE/FORM |
| Genre/form data or focus term |
Statistics |
| Source of term |
lcgft |
| Authority record control number |
(OCoLC)fst01423727 |
| 9 (RLIN) |
117237 |
|
| Genre/form data or focus term |
Periodicals |
| Source of term |
lcgft |
| 9 (RLIN) |
119590 |
| 710 2# - ADDED ENTRY--CORPORATE NAME |
| Corporate name or jurisdiction name as entry element |
Devlet İstatistik Enstitüsü (Turkey) |
| 9 (RLIN) |
86134 |
| 776 08 - ADDITIONAL PHYSICAL FORM ENTRY |
| Relationship information |
Online version: |
| Title |
Su ürünleri istatistikleri |
| Record control number |
(OCoLC)604002325 |
| 780 00 - PRECEDING ENTRY |
| Main entry heading |
Devlet İstatistik Enstitüsü (Turkey). |
| Title |
Su ürünleri anket sonuçları |
| Record control number |
(DLC) 75644454 |
| -- |
(OCoLC)2241846 |
| 942 ## - ADDED ENTRY ELEMENTS (KOHA) |
| Source of classification or shelving scheme |
Library of Congress Classification |
| Koha item type |
Continuing Resource |